Trouvez les personnages de Gossip Girl ! - Statistiques

Statistiques générales
  • Ce quiz a été pris 1 247 fois
  • Le résultat moyen est 12 sur 38
Statistiques - réponses
Indice Réponse % Correct
Personnages principaux Blair Waldorf
92%
Chuck Bass
91%
Dan Humphrey
85%
Nate Archibald
84%
Personnages récurrents Jenny Humphrey
78%
Serena Van Der Woodsen
78%
Lily Van Der Woodsen
70%
Rufus Humphrey
70%
Bart Bass
59%
Éric Van Der Woodsen
58%
Eleanor Waldorf
47%
Personnages secondaires Georgina Sparks
46%
Vanessa Abrams
43%
Jack Bass
39%
Ivy Dickens
28%
Carter Baizen
25%
Cece Rhodes
24%
Cyrus Rose
22%
Anne Archibald
20%
Juliet Sharp
18%
Nelly Yuki
18%
Howard Archibald
17%
Louis Grimaldi
14%
William Vanderbilt
9%
Diana Payne
8%
Dorota Kishlovsky
8%
Damien Dalgaard
7%
Maureen Vanderbilt
6%
Olivia Burke
5%
Sebastian Vanderbilt
5%
Penelope Shafai
4%
Bree Buckley
3%
Colin Sharp
3%
Eva Coupeau
3%
Isabel Coates
2%
Kati Farkas
2%
Catherine Beaton
1%
Marcus Beaton
1%
Aucun quiz correspondant
Distribution des résultats
% des personnes avec chaque résultat
Percentile par nombre de réponses
Votre historique - résultats
Vous n’avez pas pris ce quiz